000 00580nam a2200205Ia 4500
005 20250508150519.0
008 008 250505s9999 xx 000 0 eng d
037 _aTextBook
040 _aFEDL
_beng
_cFEDL
041 _aeng
_2eng
084 _a371.73, UNI
_qFEDL
245 0 _aHealth education
245 0 _cUnited Nations, National Education Association
260 _aWashington, USA
_bNational Education Association
_c1941
300 _a368p
365 _aINR
_b9
650 _aHealth Education
942 _cTB
_h371.73, UNI
999 _c1324002
_d1324002